Southville International School and Colleges
Your cart is empty.
  • Cart
  • Lists
    Public lists Eva Luna New books Lux_list list_1
    Your lists Log in to create your own lists
  • Log in to your account
  • Your cookies
  • Search history
Southville International School and Colleges
  • Advanced search
  • Recent comments
  • Most popular
  • Libraries

Log in to your account

Log in with GOOGLE


If you do not have an external account, but do have a local account, you can still log in:

  1. Home
  2. MARC view: How entrepreneurs do what they do :
Normal view MARC view ISBD view

How entrepreneurs do what they do : (Record no. 25891)

[ view plain ]
MARC details
000 -LEADER
fixed length control field 00794nam a22002297a 4500
005 - DATE AND TIME OF LATEST TRANSACTION
control field 20140310183644.0
008 - FIXED-LENGTH DATA ELEMENTS--GENERAL INFORMATION
fixed length control field 131221b xxu||||| |||| 00| 0 eng d
020 ## - INTERNATIONAL STANDARD BOOK NUMBER
International Standard Book Number 9781781005491
050 ## - LIBRARY OF CONGRESS CALL NUMBER
Classification number HB 615
Item number .H847 2013
245 ## - TITLE STATEMENT
Title How entrepreneurs do what they do :
Remainder of title case studies in knowledge intensive entrepreneurship /
Statement of responsibility, etc edited by Maureen McKelvey, Astrid Heidemann Lassen.
260 ## - PUBLICATION, DISTRIBUTION, ETC. (IMPRINT)
Place of publication, distribution, etc Cheltenham, U.K. :
Name of publisher, distributor, etc Edward Elgar,
Date of publication, distribution, etc 2013.
300 ## - PHYSICAL DESCRIPTION
Extent xi, 218 p. ;
Dimensions 24 cm.
504 ## - BIBLIOGRAPHY, ETC. NOTE
Bibliography, etc Includes Index.
521 ## - TARGET AUDIENCE NOTE
Target audience note
650 ## - SUBJECT ADDED ENTRY--TOPICAL TERM
Topical term or geographic name as entry element Entrepreneurship
General subdivision Case studies.
650 ## - SUBJECT ADDED ENTRY--TOPICAL TERM
Topical term or geographic name as entry element Business people
General subdivision Case studies.
650 ## - SUBJECT ADDED ENTRY--TOPICAL TERM
Topical term or geographic name as entry element Entrepreneurship.
700 ## - ADDED ENTRY--PERSONAL NAME
Personal name McKelvey, Maureen.
Relator term editor.
700 ## - ADDED ENTRY--PERSONAL NAME
Personal name Lassen, Astrid Heidenmann
Relator term editor.
942 ## - ADDED ENTRY ELEMENTS (KOHA)
Source of classification or shelving scheme Library of Congress Classification
Koha item type Books
Call number prefix Foreign
Holdings
Withdrawn status Lost status Source of classification or shelving scheme Damaged status Home library Current library Shelving location Date acquired Source of acquisition Total Checkouts Full call number Barcode Date last seen Copy number Price effective from Koha item type
    Library of Congress Classification   College Library College Library Graduate Section 12/21/2013 Donation   HB 62.5 .H847 2013 C17365 03/14/2017 1 12/21/2013 Books

How entrepreneurs do what they do :

APA

McKelvey M., Lassen A. H., . (2013). How entrepreneurs do what they do. Cheltenham, U.K: Edward Elgar.

Chicago

McKelvey Maureen, Lassen Astrid Heidenmann, . 2013. How entrepreneurs do what they do. Cheltenham, U.K: Edward Elgar.

Harvard

McKelvey M., Lassen A. H., . (2013). How entrepreneurs do what they do. Cheltenham, U.K: Edward Elgar.

MLA

McKelvey Maureen, Lassen Astrid Heidenmann, . How entrepreneurs do what they do. Cheltenham, U.K: Edward Elgar. 2013.

  • Place hold
  • Print
  • Cite
  • Add to your cart (remove)
  • Save record
    BIBTEX Dublin Core MARCXML MARC (non-Unicode/MARC-8) MARC (Unicode/UTF-8) MARC (Unicode/UTF-8, Standard) MODS (XML) RIS
  • More searches
    Search for this title in:
    Other Libraries (WorldCat) Other Databases (Google Scholar) Online Stores (Bookfinder.com) Open Library (openlibrary.org)

Exporting to Dublin Core...

SOUTHVILLE LIBRARY

Southville International School and Colleges Library

1281 Tropical Ave. Cor. Luxembourg St., BF Homes International, Las Pinas City

Tel. No. 8256374 / 252358 Loc. 117/146

Powered by Koha